La arquitectura expresionista / (Record no. 117798)

MARC details
000 -LEADER
campo de control de longitud fija 00510nam a2200169 4500
001 - NÚMERO DE CONTROL
campo de control 117798
003 - IDENTIFICADOR DE NÚMERO DE CONTROL
campo de control ES-MaACL
005 - FECHA Y HORA DE LA ÚLTIMA TRANSACCIÓN
campo de control 20230906190955.0
007 - CAMPO FIJO DE DESCRIPCIÓN FÍSICA--INFORMACIÓN GENERAL
campo de control de longitud fija t|
008 - DATOS DE LONGITUD FIJA--INFORMACIÓN GENERAL
campo de control de longitud fija 070214s1975 sp r ||||1| spa d
100 1# - ENTRADA PRINCIPAL--NOMBRE DE PERSONA
Nombre de persona Pehnt, Wolfgang.
9 (RLIN) 89970
245 13 - MENCIÓN DEL TÍTULO
Título La arquitectura expresionista /
Mención de responsabilidad, etc. Wolfgang Pehnt ; versión Justo G. Beramendi.
260 ## - PUBLICACIÓN, DISTRIBUCIÓN, ETC.
Lugar de publicación, distribución, etc. Barcelona :
Nombre del editor, distribuidor, etc. Gustavo Gili,
Fecha de publicación, distribución, etc. 1975.
300 ## - DESCRIPCIÓN FÍSICA
Extensión 235 p. :
Otras características físicas il ;
Dimensiones 27 cm.
700 1# - ENTRADA AGREGADA--NOMBRE PERSONAL
Nombre de persona Beramendi, Justo G.
9 (RLIN) 27820
852 ## - LOCALIZACIÓN
Ubicación ES-MaACL
Número de control de estantería L-7572
Sublocalización o colección R.108190
Holdings
Estatus retirado Estado de pérdida Estado de daño No para préstamo Biblioteca de origen Biblioteca actual Ubicación en estantería Fecha de adquisición Fuente de adquisición Total de préstamos Signatura topográfica completa Código de barras Visto por última vez Precio de reemplazo Tipo de ítem Koha
        Biblioteca del Ateneo de Madrid Biblioteca del Ateneo de Madrid Depósito 2 17/01/2008     L-7572 1122808 23/02/2023 23/02/2023 Libro impreso